• 首页
  • 本馆介绍
  • 公告通知
  • 最新文献
  • 馆藏检索
  • 电子资源
  • 读者导购
  • 参考咨询
  • 我的图书馆
  • 登录
  • 详细信息显示
  • 放入我的书架
  • 预约/预借图书
  • 作者相关作品
  • 分类相关作品
  • 丛书相关作品
  • 出版社相关作品

书目信息

  • 表格格式
  • 工作单格式
  • 卡片格式
题名:
中国电视娱乐产业研究
    
 
作者: 周亭 著
分册:  
出版信息: 北京   中国广播电视出版社  2010.07
页数: 164页
开本: 24cm
丛书名: 广播电视公共服务研究系列丛书
单 册:
中图分类: G229.2
科图分类:
主题词: 文娱活动--电视节目--产业经济学--研究--中国 , 文娱活动 , 电视节目 , 产业经济学
电子资源:
ISBN: 978-7-5043-5926-1
000 01214oam2 2200313 450
001 012004488446
005 20130627101024.79
010    @a978-7-5043-5926-1@dCNY22.00
100    @a20100909d2010 em y0chiy0110 ea
101 0  @achi
102    @aCN@b110000
105    @aak z 000yy
106    @ar
200 1  @a中国电视娱乐产业研究@9zhong guo dian shi yu le chan ye yan jiu@e一种生产者的视角@f周亭著
210    @a北京@c中国广播电视出版社@d2010.07
215    @a164页@c图@d24cm
225 2  @a广播电视公共服务研究系列丛书
300    @a教育部人文社科重点研究基地重大项目 “我们广播电视公共服务体系目标与实施研究”项目编号:05JJD860168
330    @a本书共五章,内容包括需求与欲求的变迁——电视娱乐节目生产者应对策略、电视娱乐节目生产者的商业模式、电视娱乐节目的生产与公共利益、电视娱乐节目的生产与政府规制等。
461  0 @12001 @a广播电视公共服务研究系列丛书@1701 0@a胡正荣@4主编
517 1  @a一种生产者的视角@9yi zhong sheng chan zhe de shi jiao
606 0  @a文娱活动@x电视节目@x产业经济学@x研究@y中国
606 0  @a文娱活动
606 0  @a电视节目
606 0  @a产业经济学
690    @aG229.2@v4
701  0 @a周亭@9zhou ting@4著
801  0 @aCN@bNLC@c20100909
905    @b546459-63@dG229.2@e170@f5
    
    中国电视娱乐产业研究:一种生产者的视角/周亭著.-北京:中国广播电视出版社,2010.07
    164页:图;24cm.-(广播电视公共服务研究系列丛书)
    教育部人文社科重点研究基地重大项目 “我们广播电视公共服务体系目标与实施研究”项目编号:05JJD860168
    
    ISBN 978-7-5043-5926-1:CNY22.00
    本书共五章,内容包括需求与欲求的变迁——电视娱乐节目生产者应对策略、电视娱乐节目生产者的商业模式、电视娱乐节目的生产与公共利益、电视娱乐节目的生产与政府规制等。
●
相关链接 在E读中查询图书 在五车中查询图书 在当当中查询图书 在豆瓣中查询图书


正题名:中国电视娱乐产业研究     索取号:G229.2/170         预约/预借

序号 登录号 条形码 馆藏地/架位号 状态 备注
1 546459   205464594   第一样本阅览室/ [索取号:G229.2/170] 在馆    
2 546460   205464601   中文系资料室/ [索取号:G229.2/170] 在馆    
3 546461   205464610   第四借阅区/ [索取号:G229.2/170] 在馆    
4 546462   205464629   第四借阅区/ [索取号:G229.2/170] 在馆    
5 546463   205464638   第四借阅区/ [索取号:G229.2/170] 在馆    
唐山师范学院图书馆 欢迎您!
大连网信软件有限公司© 版权所有